Zwierzęta na literę Ś - Statystyki

Ogólne statystyki
  • Ten quiz został rozwiązany 335 razy
  • Średni wynik to 4 z 7
Statystyki odpowiedzi
Zwierzę % Poprawnych
ślimak
89%
świnia
80%
świstak
67%
śledź
48%
świnka morska
48%
świerszcz
46%
świetlik
27%
Nie znaleziono quizów pasujących do podanych kryteriów
Rozkład punktacji
Procent ludzi z każdym wynikiem
Percentyl według liczby udzielonych odpowiedzi
Twoja historia wyników
Nie rozwiązałeś tego quizu